<?xml version="1.0" encoding="UTF-8"?>
<record
    xmlns:xsi="http://www.w3.org/2001/XMLSchema-instance"
    xsi:schemaLocation="http://www.loc.gov/MARC21/slim http://www.loc.gov/standards/marcxml/schema/MARC21slim.xsd"
    xmlns="http://www.loc.gov/MARC21/slim">

  <leader>01354nam a2200289Ia 4500</leader>
  <controlfield tag="003">OSt</controlfield>
  <controlfield tag="005">20241009163634.0</controlfield>
  <controlfield tag="008">200731s9999    xx            000 0 und d</controlfield>
  <datafield tag="020" ind1=" " ind2=" ">
    <subfield code="a">7512606575</subfield>
  </datafield>
  <datafield tag="020" ind1=" " ind2=" ">
    <subfield code="a">9787512606579 </subfield>
  </datafield>
  <datafield tag="040" ind1=" " ind2=" ">
    <subfield code="c">0</subfield>
  </datafield>
  <datafield tag="041" ind1=" " ind2=" ">
    <subfield code="a">chi</subfield>
    <subfield code="h">eng</subfield>
  </datafield>
  <datafield tag="050" ind1=" " ind2=" ">
    <subfield code="a">BV4501</subfield>
    <subfield code="b">.A88312 2011</subfield>
  </datafield>
  <datafield tag="100" ind1=" " ind2=" ">
    <subfield code="a">Lugsburger, David</subfield>
  </datafield>
  <datafield tag="245" ind1=" " ind2=" ">
    <subfield code="a">&#x7231;&#x91CC;&#x8BF4;&#x8BDA;&#x5B9E;&#x8BDD;:</subfield>
    <subfield code="b">&#xA0;= Caring enough to confront /</subfield>
    <subfield code="c">&#x5965;&#x683C;&#x65AF;&#x4F2F;&#x683C; (David Lugsburger) &#x8457;; &#x65B9;&#x9038;&#x8BD1;</subfield>
  </datafield>
  <datafield tag="246" ind1=" " ind2=" ">
    <subfield code="a">&#x611B;&#x88E1;&#x8AAA;&#x8AA0;&#x5BE6;&#x8A71;</subfield>
    <subfield code="b">/</subfield>
  </datafield>
  <datafield tag="260" ind1=" " ind2=" ">
    <subfield code="a">&#x5317;&#x4EAC;:</subfield>
    <subfield code="b">&#x5718;&#x7D50;&#x51FA;&#x7248;&#x793E;,</subfield>
    <subfield code="c">2011</subfield>
  </datafield>
  <datafield tag="300" ind1=" " ind2=" ">
    <subfield code="a">212  p.</subfield>
    <subfield code="b">;</subfield>
    <subfield code="c">21 cm.</subfield>
  </datafield>
  <datafield tag="500" ind1=" " ind2=" ">
    <subfield code="a">Translation of: Caring enough to confront / David Augsburger ; Rev. ed ; Ventura, Calif. : G/L Regal Books, 1981 ; 1973 edition under the title: The love-fight ; Scottdale, Pa., : Herald Press,1973.</subfield>
  </datafield>
  <datafield tag="505" ind1=" " ind2=" ">
    <subfield code="a">&#x672C;&#x4E66;&#x6559;&#x4F60;&#x5982;&#x4F55;&#x5EFA;&#x7ACB;&#x4FE1;&#x4EFB;,&#x5982;&#x4F55;&#x5E94;&#x5BF9;&#x522B;&#x4EBA;&#x7684;&#x6307;&#x8D23;&#x548C;&#x504F;&#x89C1;,&#x5766;&#x7136;&#x9762;&#x5BF9;&#x81EA;&#x5DF1;&#x7684;&#x6124;&#x6012;&#x548C;&#x632B;&#x6298;&#x611F;,&#x79EF;&#x6781;&#x5730;&#x5316;&#x89E3;&#x51B2;&#x7A81;,&#x4E0E;&#x4EBA;&#x548C;&#x7766;&#x76F8;&#x5904;.&#x5B83;&#x4F1A;&#x7ED9;&#x4F60;&#x5E26;&#x6765;&#x4EE5;&#x4E0B;&#x6539;&#x53D8;:&#x4F7F;&#x4F60;&#x7684;&#x6C9F;&#x901A;&#x66F4;&#x52A0;&#x6E05;&#x6670;;&#x4F7F;&#x4F60;&#x5766;&#x8BDA;&#x5730;&#x4E0E;&#x5BF9;&#x65B9;&#x4EA4;&#x6D89;;&#x4F7F;&#x4F60;&#x5B8C;&#x5168;&#x9976;&#x6055;&#x5BF9;&#x65B9;&#x7684;&#x8FC7;&#x72AF;;&#x4F7F;&#x4F60;&#x4E00;&#x5982;&#x65E2;&#x5F80;&#x5730;&#x5168;&#x5FC3;&#x7231;&#x5BF9;&#x65B9;.</subfield>
  </datafield>
  <datafield tag="650" ind1=" " ind2=" ">
    <subfield code="a">Christian life -- Mennonite authors.</subfield>
  </datafield>
  <datafield tag="650" ind1=" " ind2=" ">
    <subfield code="a">Conflict (Psychology).</subfield>
  </datafield>
  <datafield tag="650" ind1=" " ind2=" ">
    <subfield code="a">Interpersonal conflict -- Religious aspects -- Christianity.</subfield>
  </datafield>
  <datafield tag="700" ind1=" " ind2=" ">
    <subfield code="a"> &#x65B9;&#x9038;</subfield>
  </datafield>
  <datafield tag="700" ind1=" " ind2=" ">
    <subfield code="a">&#x5965;&#x683C;&#x65AF;&#x4F2F;&#x683C;</subfield>
  </datafield>
  <datafield tag="942" ind1=" " ind2=" ">
    <subfield code="2">ddc</subfield>
    <subfield code="c">CB</subfield>
  </datafield>
  <datafield tag="952" ind1=" " ind2=" ">
    <subfield code="0">0</subfield>
    <subfield code="1">0</subfield>
    <subfield code="4">0</subfield>
    <subfield code="7">0</subfield>
    <subfield code="a">GETS</subfield>
    <subfield code="b">GETS</subfield>
    <subfield code="c">GEN</subfield>
    <subfield code="d">2020-07-09</subfield>
    <subfield code="l">0</subfield>
    <subfield code="o">BV4501.2 .A88312 2011&#xA0;</subfield>
    <subfield code="p">00000039</subfield>
    <subfield code="r">2020-07-09 00:00:00</subfield>
    <subfield code="w">2020-07-09</subfield>
    <subfield code="y">CB</subfield>
  </datafield>
  <datafield tag="999" ind1=" " ind2=" ">
    <subfield code="c">39</subfield>
    <subfield code="d">39</subfield>
  </datafield>
</record>
